HOE Facts Quiz Stats

Quiz not verified by Sporcle

Challenge
Share
Tweet
Embed
Score 0/22 Timer 03:00
0 Plays Today
Question Answer Wrong Answers
What was the name of Pluto's daughter? Hazel Lévesque
40%
Piper McLean
20%
Annabeth Chase
20%
Thalia Grace
0%
Who did the two who fell into Tartarus escape from using a clever brochure idea? Night and her children
40%
Tartarus
20%
Titans
0%
Giants
0%
Which person met Iris the rainbow goddess after losing his memory? Percy Jackson
40%
Jason Grace
0%
Leo Valdez
0%
Frank Zhang
20%
Which of the 7 died? Leo Valdez
20%
Jason Grace
0%
Annabeth Chase
20%
Frank Zhang
20%
Which 3 bring the Athena Parthenos to Camp Half-Blood Reyna, Gleeson, Nico
20%
Hedge, Bianca, Hylla
20%
Reyna, Nico, Bob
20%
Nico, Hedge, Damasen
0%
Who met Calypso and they fell in love with each other and promised to come back? Leo Valdez
20%
Percy Jackson
0%
Nico Di Angelo
0%
Jason Grace
40%
Who puts M&M's into the fire at Camp Half-Blood? Connor Stoll
20%
Travis Stoll
20%
Julia Feingold
20%
Annabeth Chase
0%
What god disappeared in a cloud of smoke by Zeus? Apollo
20%
Artemis
0%
Poseidon
20%
Ares
0%
Who is the good Giant? Damasen
20%
Hyperion
20%
Persephone
20%
Aphrodite
20%
Who fell into Tartarus to help his girlfriend? Percy Jackson
20%
Annabeth Chase
40%
Nico Di Angelo
0%
Leo Valdez
0%
What Titan and Giant helped them when 2 were in Tartarus? Bob, Damasen
0%
Kelli, Calypso
20%
Gale, Katniss
40%
Calypso, Gale
0%
Who found themselves in Tartarus first? Nico Di Angelo
0%
Annabeth Chase
33.3%
Percy Jackson
33.3%
Leo Valdez
0%
Who's nose bled and caused the Earth Mother Gaia to rise again? Percy Jackson
0%
Nico Di Angelo
40%
Annabeth Chase
0%
Jason Grace
20%
Which of 7's life depends on a piece of wood? Frank Zhang
0%
Leo Valdez
0%
Jason Grace
20%
Percy Jackson
20%
While falling, what did the female in Tartarus think the fall to Tartarus take? 9 days and nights
0%
8 days and nights
0%
5 days and nights
33.3%
200 days and nights
0%
Which of the 7 can shapeshift? Frank Zhang
0%
Annabeth Chase
40%
Hazel Lévesque
0%
Piper McLean
0%
Who is Hecate's chosen one? Hazel Lévesque
0%
Annabeth Chase
20%
Piper McLean
20%
Kelli
0%
Who fell into Tartarus after fighting a giant spider? Annabeth Chase
0%
Percy Jackson
0%
Nico Di Angelo
60%
Jason Grace
0%
What cap of Annabeth's turns her invisible? Yankees cap
0%
Irish cap
0%
Mexican cap
40%
Russian cap
0%
Which missing Demi God was found first? Jason Grace
0%
Percy Jackson
0%
Thalia Grace
20%
Annabeth Chase
40%
Who wrote the books? Rick Riordan
0%
Derek Landy
0%
Cassandra Clare
40%
J.K Rowling
20%
What was the name of Hecate's weasel? Gale
0%
Kelli
40%
Katniss
20%
Calypso
0%

You're not logged in!

Compare scores with friends on all Sporcle quizzes.
Sign Up with Email
OR
Log In

You Might Also Like...

Show Comments

Extras

Top Quizzes Today


Score Distribution

Your Account Isn't Verified!

In order to create a playlist on Sporcle, you need to verify the email address you used during registration. Go to your Sporcle Settings to finish the process.